000 00843nam a2200241 4500
001 109319
003 ES-MaACL
005 20230906184824.0
007 t|
008 061121s1973 sp r ||||1| spa d
100 1 _aOlivier, Emile.
_986888
245 1 0 _aOrganización práctica de la construcción y obras públicas /
_cEmile Olivier ; versión Martín Llorens y José María Massaguer ; revisión y prólogo J. Torres Trías.
250 _a[1ª ed.].
260 _aBarcelona :
_bBlume,
_c1973.
300 _bil.
490 1 _aBiblioteca técnica de construcción
700 1 _aLlorens, Martín.
_972879
700 1 _aMassaguer Navarro, José María.
_9150669
700 1 _aTorres Trías, J.
_9111023
830 0 _aBiblioteca técnica de construcción
_9232974
852 _aES-MaACL
_jC-47216
_bR.84886
999 _c109319
_d109319